[Event "Regionalliga NO 1617"]
[Site "Bayern"]
[Date "2017.04.30"]
[Round "9.7"]
[White "Nachtrab, Robert"]
[Black "Bunk, Wolfgang"]
[Result "0-1"]
[WhiteElo "1644"]
[BlackElo "1953"]
[PlyCount "104"]
[EventDate "2016.10.16"]
[EventType "team-tourn"]
[EventRounds "9"]
[EventCountry "GER"]
[SourceTitle "EXT 2019"]
[Source "ChessBase"]
[SourceDate "2018.10.10"]
[SourceVersion "1"]
[SourceVersionDate "2018.10.10"]
[SourceQuality "1"]
[WhiteTeam "Buechenbach/Roth"]
[BlackTeam "Regensburg Bavaria"]
[WhiteTeamCountry "GER"]
[BlackTeamCountry "GER"]

1. d4 c5 2. c3 d5 3. Nf3 Nf6 4. g3 Nc6 5. Bg2 Bf5 6. 0-0 h6 7. Ne5 e6 8. Nxc6 bxc6 9. b3 Bd6 10. Ba3 Qe7 11. Bxc5 Bxc5 12. dxc5 Qxc5 13. Qd4 Qb6 14. Qxb6 axb6 15. Nd2 0-0 16. a4 Ra7 17. Ra2 Rfa8 18. Rfa1 Kf8 19. e3 Ke7 20. Kf1 Kd6 21. Ke2 c5 22. c4 Ra5 23. h3 Rd8 24. g4 Bg6 25. Rd1 Kc7 26. f4 h5 27. g5 Ng8 28. Nf3 Be4 29. Nh4 Bxg2 30. Nxg2 dxc4 31. bxc4 Rxd1 32. Kxd1 Ne7 33. Ke2 Nc6 34. Nh4 g6 35. Nf3 Kd6 36. Ra1 e5 37. Kd3 exf4 38. exf4 Ra7 39. Nd2 Ke6 40. Ke4 Rd7 41. Nf3 Rd6 42. Rb1 Na5 43. Rc1 Rd8 44. Rb1 Nxc4 45. Rc1 Nd6+ 46. Ke3 Ra8 47. Ra1 b5 48. Rc1 Nc4+ 49. Kd3 Rxa4 50. Rb1 Ra3+ 51. Ke2 Re3+ 52. Kf2 Rxf3+ 0-1

[Event "Mittelfranken-chTB2a 1112"]
[Site "Germany"]
[Date "2012.01.15"]
[Round "5.6"]
[White "Nachtrab, Robert"]
[Black "Nahlik, Bernhard"]
[Result "0-1"]
[WhiteElo "1666"]
[BlackElo "1657"]
[PlyCount "68"]
[EventDate "2011.09.25"]
[EventType "team-tourn"]
[EventRounds "9"]
[EventCountry "GER"]
[SourceTitle "EXT 2013"]
[Source "ChessBase"]
[SourceDate "2012.11.22"]
[SourceVersion "1"]
[SourceVersionDate "2012.11.22"]
[SourceQuality "1"]
[WhiteTeam "Buechenbach/Roth III"]
[BlackTeam "Ansbach"]
[WhiteTeamCountry "GER"]
[BlackTeamCountry "GER"]

1. e4 c6 2. d4 d5 3. e5 Bf5 4. Bd3 Bxd3 5. Qxd3 e6 6. Nf3 Nd7 7. Be3 Ne7 8. 0-0 Nf5 9. c3 Be7 10. Nbd2 0-0 11. h3 c5 12. b3 Rc8 13. Rac1 Qc7 14. g4 Nh4 15. Nxh4 Bxh4 16. Nf3 Be7 17. Kg2 c4 18. Qd2 f6 19. exf6 Nxf6 20. bxc4 dxc4 21. Ne5 b5 22. f3 Nd5 23. Rf2 Bd6 24. f4 Bxe5 25. dxe5 Qb7 26. Kg3 Rfd8 27. Bd4 b4 28. cxb4 Qxb4 29. Qxb4 Nxb4 30. Rd2 Nd3 31. Rxd3 cxd3 32. Rxc8 Rxc8 33. Kf3 Rd8 34. Ke3 Rxd4 0-1

[Event "Mittelfranken-chTB2b 0809"]
[Site "Mittelfranken"]
[Date "2009.01.11"]
[Round "4.8"]
[White "Nachtrab, Robert"]
[Black "Weber, Daniel1111"]
[Result "0-1"]
[WhiteElo "1671"]
[BlackElo "1479"]
[PlyCount "108"]
[EventDate "2008.10.12"]
[EventType "team"]
[EventRounds "9"]
[EventCountry "GER"]
[SourceTitle "EXT 2011"]
[Source "ChessBase"]
[SourceDate "2010.11.26"]
[SourceVersion "1"]
[SourceVersionDate "2010.11.26"]
[SourceQuality "1"]
[WhiteTeam "Buechenbach/Roth II"]
[BlackTeam "Bechhofen II"]
[WhiteTeamCountry "GER"]
[BlackTeamCountry "GER"]

1. d4 g6 2. e4 d6 3. Bd3 Bg7 4. c3 Nd7 5. Be3 e5 6. Nf3 Ngf6 7. dxe5 dxe5 8. 0-0 0-0 9. h3 Re8 10. Na3 c6 11. Qd2 Qc7 12. Rad1 Nb6 13. Bh6 Be6 14. Bxg7 Kxg7 15. b3 Rad8 16. Qg5 Nbd7 17. Qe3 Qb6 18. Qxb6 axb6 19. Ng5 Nc5 20. Nxe6+ Rxe6 21. Bb1 Rxd1 22. Rxd1 Ncxe4 23. Bxe4 Nxe4 24. Rd3 Nd6 25. Nc2 Kf6 26. f3 Ke7 27. Kf2 e4 28. fxe4 Nxe4+ 29. Kf3 Nf6 30. a4 Nd7 31. Rd1 Nc5 32. Nd4 Rd6 33. g4 Ne6 34. Re1 Kd7 35. Nxe6 Rxe6 36. Rd1+ Rd6 37. Rc1 Rd3+ 38. Kg2 Rd2+ 39. Kg3 Rb2 40. b4 Ra2 41. Rd1+ Ke7 42. Re1+ Kf8 43. Rd1 Ke7 44. Re1+ Kf8 45. Rd1 Rxa4 46. Rd7 Ra3 47. Rxb7 Rxc3+ 48. Kf4 b5 49. Rc7 Rxh3 50. Rxc6 Rb3 51. Kg5 Kg7 52. Rc7 Rxb4 53. Rb7 h6+ 54. Kh4 Rb3 0-1